| 000 | 01239nam a2200301 i 4500 | ||
|---|---|---|---|
| 005 | 20260402150211.0 | ||
| 008 | 260402s2025 my ao gr 000 0 may d | ||
| 020 |
_a9789833204908 _cRM32.00 _qpaperback |
||
| 040 |
_aPPAK _beng _cPPAK _drda |
||
| 082 | 0 | 4 |
_223 _a499.2307 |
| 090 | 0 | 0 |
_a499.2307 _bSHA _dG |
| 100 | 0 |
_aShamsudin bin Abu Bakar, _eauthor. |
|
| 245 | 1 | 0 |
_aKREATIVITI & ESTETIKA dalam PENDIDIKAN BAHASA MELAYU / _cSHAMSUDIN BIN ABU BAKAR, DR. FADZILAH BINTI ABDUL RAHIM, DR. NOR ANITA BINTI MAT ISA, DR. AZMAN BIN RAHMAT, DR. ARFAH BINTI AHAMAD, MUBIN BIN MAT NOOR |
| 264 | 1 |
_aBatu Caves, Selangor : _bPUSTAKA AL-EHSAN, _c[2025?] |
|
| 300 |
_avi, 285 pages : _billustrations, photographs ; _c23 cm |
||
| 336 |
_atext _2rdacontent |
||
| 337 |
_aunmediated _2rdamedia |
||
| 338 |
_avolume _2rdacarrier |
||
| 650 | 1 | 0 |
_aMalay language _xStudy and teaching |
| 650 | 2 | 0 | _aArts in education |
| 650 | 2 | 0 |
_aEducation, Higher _zMalaysia |
| 700 | 0 |
_aFadzilah binti Abdul Rahim, _cDr., _eauthor. |
|
| 700 | 0 |
_aNor Anita binti Mat Isa, _cDr., _eauthor. |
|
| 700 | 0 |
_aAzman bin Rahmat, _cDr., _eauthor. |
|
| 700 | 0 |
_aArfah binti Ahamad, _cDr., _eauthor. |
|
| 700 | 0 |
_aMubin bin Mat Noor, _eauthor. |
|
| 942 |
_2ddc _cB |
||
| 999 |
_c203663 _d203663 |
||